000 00296nam a22001217a 4500
003 SGT
082 _a617.51
_bF06S
100 _aSANNA,MARIO
245 _aTHE FACIAL NERVE IN TEMPORAL BONE AND LATERAL SKULL BASE MICROSURGERY
260 _aNEWYORK
_bTHIEME
_c2006
300 _a301
942 _2ddc
_cBK
999 _c14399
_d14399